FC 24 Triple Threat - Statistics

General Stats
  • This quiz has been taken 6 times
    5 since last reset
  • The average score is 13 of 24
Answer Stats
rat pos club Answer % Correct
Triple Threat 85 CM Chelsea Conor Gallagher
75%
Triple Threat 86 RB Real Madrid Dani Carvajal
75%
Triple Threat Hero 90 LM Ligue 1 David Ginola
75%
Triple Threat Hero 89 ST LaLiga Diego Forlán
75%
Triple Threat Hero 90 ST LaLiga Fernando Morientes
75%
Triple Threat 88 LW Manchester City Jack Grealish
75%
Triple Threat 87 CAM Tottenham Hotspur James Maddison
75%
Triple Threat Hero 87 ST Ligue 1 Sidney Govou
75%
Triple Threat 88 RB Tottenham Hotspur Women Ashleigh Neville
50%
Triple Threat 85 RW Real Madrid Feminino Athenea del Castillo
50%
Triple Threat Hero 87 RW Premier League Dirk Kuyt
50%
Triple Threat 86 CAM Chelsea Women Frank Kirby
50%
Triple Threat Hero 88 RW Premier League Joe Cole
50%
Triple Threat Hero 87 CB Premier League Ledley King
50%
Triple Threat 86 CAM Atlético Madrid Femenino Leicy Santos
50%
Triple Threat 84 CM Olympique Lyonnais Maxence Caqueret
50%
Triple Threat 86 CB Paris Saint-Germain Presnel Kimpembe
50%
Triple Threat 88 LB Paris Saint-Germain Féminine Sakina Karchaoui
50%
Triple Threat 87 CM Liverpool Thiago Alcântara
50%
Triple Threat Hero 88 CDM Premier League Yaya Touré
50%
Triple Threat 86 CB Manchester City Women Alex Greenwood
25%
Triple Threat 87 RW Olympique Lyonnais Féminin Delphine Cascarino
25%
Triple Threat 84 ST Liverpool Women Leanne Kiernan
25%
Triple Threat 86 CB Atlético Madrid Mario Hermoso
25%
No matching quizzes found
Score Distribution
Percent of People with Each Score
Percentile by Number Answered
Your Score History
You have not taken this quiz since the last reset